000 00579nam a2200181Ia 4500
003 IN-BaIIA
005 20250702140836.0
008 211028s9999 xx 000 0 eng d
040 _cIIA Library
080 _a081: 52
_bREI
100 _aReiz, A
_914128
245 0 _aAstronomical Papers dedicated to Bengt Stromgren
_cA. Reiz
260 _bCapenhasen Universal Observations
_c1978
650 _aAstronomy - Congresses
_911249
650 _aStrömgren, Bengt
_914129
650 _aStrömgren, Bengt
_914129
942 _cBK
_2ddc
999 _c8431
_d8431